| 000 | 01153nas a2200349 4500 | ||
|---|---|---|---|
| 001 | BR2013006908 | ||
| 003 | BR-BrBNA | ||
| 005 | 20231205122954.0 | ||
| 007 | ta | ||
| 008 | 230509b bl.|||p| |||| 00| 00por d | ||
| 040 |
_aBR-BrBNA _bpor _cBiblioteca Nacional de Agricultura |
||
| 041 | _a(Pt) | ||
| 072 | _aK10 | ||
| 100 | 1 | _aRibeiro, S.C. | |
| 100 | 1 | _aJacovine, L.A.G. | |
| 100 | 1 | _aSoares, C.P.B. | |
| 100 | 1 | _aMartins, S.V. | |
| 100 | 1 | _aNardelli, Á.M.B. | |
| 100 | 1 | _aSouza, A.L. de | |
| 245 | 1 | _aQuantificação de biomassa e estimativa de estoque de carbono em uma capoeira da Zona da Mata Mineira | |
| 246 | 1 | _aQuantification of biomass and estimation of carbon stock in a capoeira in the minas gerais forest zone | |
| 650 | _aFLORESTA | ||
| 650 | _aCARBONO | ||
| 650 | _aCAPOEIRA | ||
| 650 | _aESTOQUE | ||
| 650 | _aBIOMASSA | ||
| 650 | _aCASCA | ||
| 773 | 0 |
_tRevista Árvore (Brazil) _xISSN 0100-6762 _g(May-Jun 2010), v. 34(3) p. 495-504 _wBR2013006908 |
|
| 856 | 4 |
_uhttp://www.scielo.br/pdf/rarv/v34n3/a13v34n3.pdf _yRecurso eletrônico (PDF) |
|
| 909 |
_a202311 _bLúcia _c55 _dLúcia Elande |
||
| 942 |
_2AGRIS _n0 _cANA |
||
| 999 |
_c231547 _d231547 |
||